[Event "ISL-ch"]
[Site "Mosfellsbaer"]
[Date "2024.04.25"]
[Round "9"]
[White "Gretarsson, Hjorvar Steinn"]
[Black "Ptacnikova, Lenka"]
[Result "1-0"]
[WhiteElo "2518"]
[BlackElo "2127"]
[PlyCount "71"]
[EventDate "2024.04.16"]
[EventType "tourn"]
[EventRounds "11"]
[EventCountry "ISL"]
[EventCategory "6"]
[SourceTitle "CB18_2024"]
[SourceDate "2024.05.01"]
[SourceVersion "1"]
[SourceVersionDate "2024.05.01"]
[SourceQuality "2"]

1. c4 c5 2. Nf3 g6 3. e4 Nc6 4. d4 cxd4 5. Nxd4 Nf6 6. Nc3 d6 7. Nc2 a5 8. Be2 Bg7 9. 0-0 a4 10. Be3 Be6 11. Rc1 0-0 12. h3 Nd7 13. Qd2 Na5 14. Na3 Nc5 15. f3 f5 16. exf5 gxf5 17. Rfd1 Nc6 18. Nab5 Kh8 19. Nd5 Rc8 20. Bf1 Ne5 21. Nd4 Bd7 22. Re1 Ng6 23. Bg5 Rf7 24. h4 Bf8 25. h5 Ne5 26. h6 Bc6 27. Kh1 Ra8 28. b4 axb3 29. axb3 Bxd5 30. cxd5 Qb6 31. Qc3 Kg8 32. Ra1 Rb8 33. Ne6 Qxb3 34. Qxb3 Nxb3 35. Ra3 Nc5 36. Nxc5 1-0

[Event "Reykjavik op"]
[Site "Reykjavik"]
[Date "2024.03.20"]
[Round "8"]
[White "Jansen, Marijn"]
[Black "Ptacnikova, Lenka"]
[Result "0-1"]
[WhiteElo "1899"]
[BlackElo "2067"]
[PlyCount "72"]
[EventDate "2024.03.15"]
[EventType "swiss"]
[EventRounds "9"]
[EventCountry "ISL"]
[SourceTitle "CB13_2024"]
[SourceDate "2024.03.27"]
[SourceVersion "1"]
[SourceVersionDate "2024.03.27"]
[SourceQuality "1"]

1. e4 c5 2. Nf3 e6 3. c3 Nf6 4. e5 Nd5 5. d4 cxd4 6. cxd4 b6 7. Nc3 Nxc3 8. bxc3 Bb7 9. Bd3 Be7 10. 0-0 0-0 11. Bd2 Nc6 12. Qe2 d5 13. h3 Na5 14. Nh2 Rc8 15. Qh5 g6 16. Qe2 Rc7 17. f4 Nc4 18. Bc1 Bc8 19. f5 exf5 20. g4 fxg4 21. Nxg4 Bxg4 22. Qxg4 h5 23. Qg2 Rc6 24. Kh1 Kg7 25. Rg1 b5 26. a4 b4 27. cxb4 Bxb4 28. Rb1 a5 29. Bg5 Be7 30. Bxe7 Qxe7 31. Qxd5 Qh4 32. Qg2 Rd8 33. Rb7 Nxe5 34. Bb5 Rc3 35. Rxf7+ Kxf7 36. Qb7+ Rd7 0-1

[Event "Reykjavik op"]
[Site "Reykjavik"]
[Date "2024.03.19"]
[Round "7"]
[White "Ptacnikova, Lenka"]
[Black "Katz, Alexander R"]
[Result "0-1"]
[WhiteElo "2067"]
[BlackElo "2418"]
[PlyCount "114"]
[EventDate "2024.03.15"]
[EventType "swiss"]
[EventRounds "9"]
[EventCountry "ISL"]
[SourceTitle "CB13_2024"]
[SourceDate "2024.03.27"]
[SourceVersion "1"]
[SourceVersionDate "2024.03.27"]
[SourceQuality "1"]

1. d4 Nf6 2. Nc3 d5 3. Bf4 g6 4. e3 Nh5 5. Bg5 c6 6. Be2 h6 7. Bh4 Ng7 8. f3 Qb6 9. Na4 Qa5+ 10. c3 e5 11. b4 Qc7 12. Nc5 b6 13. Nd3 e4 14. fxe4 dxe4 15. Nf2 f5 16. Bg3 Bd6 17. Bxd6 Qxd6 18. Bc4 Na6 19. Bb3 Nc7 20. Ne2 a5 21. bxa5 Rxa5 22. 0-0 Be6 23. Nf4 Bxb3 24. Qxb3 g5 25. Ne2 Nd5 26. a4 Nxe3 27. Rfb1 Qd5 28. Qxb6 0-0 29. Qc7 Ne6 30. Qe7 Rf7 31. Qe8+ Nf8 32. Rb6 Nc4 33. Rxc6 Nd6 34. Qd8 Rxa4 35. Rxa4 Qxc6 36. Ra8 Nb7 37. Qc8 Qb5 38. Ng3 e3 39. Qe6 Qb1+ 40. Nf1 exf2+ 41. Kxf2 f4 42. Qxh6 Qf5 43. Qc6 g4 44. Qc8 Qg6 45. h3 g3+ 46. Kg1 Nd6 47. Qc6 Qc2 48. Qf3 Qe4 49. Qxe4 Nxe4 50. c4 Rd7 51. d5 Rc7 52. c5 Rxc5 53. Ra4 Nc3 54. Ra1 Rxd5 55. Kh1 Ne6 56. Nh2 gxh2 57. Kxh2 Rd2 0-1

[Event "EU-chT (Women) 24th"]
[Site "Budva"]
[Date "2023.11.14"]
[Round "4.2"]
[White "Ptacnikova, Lenka"]
[Black "Machlik, Monika"]
[Result "1/2-1/2"]
[WhiteElo "2079"]
[BlackElo "2081"]
[PlyCount "114"]
[EventDate "2023.11.11"]
[EventType "team-swiss"]
[EventRounds "9"]
[EventCountry "MNE"]
[SourceTitle "CB47_2023"]
[SourceDate "2023.11.22"]
[SourceVersion "1"]
[SourceVersionDate "2023.11.22"]
[SourceQuality "1"]
[WhiteTeam "Iceland (W)"]
[BlackTeam "Norway (W)"]
[WhiteTeamCountry "ISL"]
[BlackTeamCountry "NOR"]

1. c4 e5 2. g3 Nf6 3. Bg2 d5 4. cxd5 Nxd5 5. Nf3 Nc6 6. 0-0 Nb6 7. b3 Be7 8. Bb2 f6 9. Nc3 0-0 10. Qc1 Be6 11. Rd1 Qc8 12. d4 Nxd4 13. Nxd4 exd4 14. Rxd4 c6 15. Ne4 Bd5 16. Ba3 Re8 17. e3 f5 18. Bxe7 fxe4 19. Ba3 Qf5 20. Qc2 Qg6 21. Qc5 Re6 22. Rad1 Nd7 23. Qc2 Nf6 24. h4 Ng4 25. R4d2 h6 26. Bb2 Rf8 27. Bd4 a6 28. b4 Ne5 29. Bxe5 Rxe5 30. a4 Re7 31. b5 axb5 32. axb5 Ra8 33. Qc5 Rf7 34. bxc6 bxc6 35. Rb2 Raf8 36. Rdd2 Qg4 37. Qd6 Qf5 38. Rb8 Rxb8 39. Qxb8+ Rf8 40. Qd6 Rf6 41. Qd8+ Rf8 42. Qd6 Qf7 43. Rb2 Qf5 44. Qe7 Qf6 45. Qxf6 gxf6 46. Kf1 Ra8 47. Ke2 Kf7 48. Bh3 Ke7 49. Kd2 Kd6 50. Bf1 c5 51. Rb6+ Ke5 52. Ba6 Ra7 53. Kc3 Ra8 54. Kc2 Ra7 55. Kc3 Ra8 56. Kc2 Ra7 57. Kc3 Ra8 1/2-1/2

[Event "ISL-chT Kvika 2324"]
[Site "Reykjavik"]
[Date "2023.10.15"]
[Round "5.3"]
[White "Einarsson, Arnthor"]
[Black "Ptacnikova, Lenka"]
[Result "1-0"]
[WhiteElo "2165"]
[BlackElo "2072"]
[PlyCount "75"]
[EventDate "2023.10.12"]
[EventType "team-tourn"]
[EventRounds "10"]
[EventCountry "ISL"]
[SourceTitle "Mega2024 Update 01"]
[Source "Chessbase"]
[SourceDate "2023.11.12"]
[SourceVersion "1"]
[SourceVersionDate "2023.11.12"]
[SourceQuality "1"]
[WhiteTeam "Skakdeild KR"]
[BlackTeam "Taflfelag Gardjabaejar"]
[WhiteTeamCountry "ISL"]
[BlackTeamCountry "ISL"]

1. d4 Nf6 2. Nf3 e6 3. Bg5 h6 4. Bh4 d5 5. c3 c5 6. e3 Nc6 7. Nbd2 cxd4 8. exd4 g5 9. Bg3 Nh5 10. Be5 Nxe5 11. Nxe5 Nf6 12. h4 Bg7 13. hxg5 hxg5 14. Rxh8+ Bxh8 15. Qf3 Qe7 16. 0-0-0 Bd7 17. Nb3 Ba4 18. Re1 Ne4 19. Nd3 Bxb3 20. axb3 Rc8 21. Qe3 Qf6 22. Kb1 Qf5 23. Ka2 Bf6 24. g4 Qh7 25. Bg2 Qh2 26. Bxe4 dxe4 27. Qxe4 Rc6 28. Kb1 Kf8 29. Qf3 Kg7 30. Rh1 Qc7 31. Qe4 Rb6 32. Nc5 Kg8 33. b4 Bg7 34. Rh5 Qe7 35. Qe3 f6 36. d5 e5 37. Qe4 Kf7 38. Ne6 1-0

[Event "ISL-ch"]
[Site "Hafnarfjordur"]
[Date "2023.05.19"]
[Round "5"]
[White "Thorfinnsson, Bragi"]
[Black "Ptacnikova, Lenka"]
[Result "1-0"]
[WhiteElo "2431"]
[BlackElo "2099"]
[PlyCount "63"]
[EventDate "2023.05.15"]
[EventType "tourn"]
[EventRounds "11"]
[EventCountry "ISL"]
[EventCategory "6"]
[SourceTitle "CBM 214 Extra"]
[Source "ChessBase"]
[SourceDate "2023.07.31"]
[SourceVersion "1"]
[SourceVersionDate "2023.07.31"]
[SourceQuality "1"]

1. e4 d6 2. d4 Nf6 3. Nc3 e5 4. Nf3 Nbd7 5. Bc4 Be7 6. 0-0 0-0 7. a4 a5 8. Re1 h6 9. h3 c6 10. Ba2 Re8 11. Be3 Bf8 12. Nd2 exd4 13. Bxd4 b6 14. f4 Nc5 15. Qf3 Ne6 16. Bf2 Bb7 17. Nc4 Ra6 18. e5 dxe5 19. fxe5 Nd7 20. Rad1 Qc7 21. Qg3 Bc5 22. Ne4 Bxf2+ 23. Nxf2 Ndc5 24. Ng4 Kh8 25. Nd6 Rf8 26. Qh4 Kh7 27. c3 Rh8 28. Rf1 Qd8 29. Nf6+ gxf6 30. Nxf7 Qf8 31. Rxf6 Kg7 32. Qh5 1-0

[Event "ISL-ch"]
[Site "Hafnarfjordur"]
[Date "2023.05.17"]
[Round "3"]
[White "Ingvason, Johann"]
[Black "Ptacnikova, Lenka"]
[Result "0-1"]
[WhiteElo "2076"]
[BlackElo "2099"]
[PlyCount "72"]
[EventDate "2023.05.15"]
[EventType "tourn"]
[EventRounds "11"]
[EventCountry "ISL"]
[EventCategory "6"]
[SourceTitle "CBM 214 Extra"]
[Source "ChessBase"]
[SourceDate "2023.07.31"]
[SourceVersion "1"]
[SourceVersionDate "2023.07.31"]
[SourceQuality "1"]

1. d4 Nf6 2. c4 e6 3. g3 Bb4+ 4. Nd2 0-0 5. Bg2 d5 6. a3 Be7 7. Ngf3 b6 8. 0-0 Bb7 9. cxd5 exd5 10. b4 Nbd7 11. Bb2 c5 12. dxc5 bxc5 13. bxc5 Nxc5 14. Nb3 Nce4 15. Nfd4 Re8 16. Nf5 Bf8 17. Bd4 Ba6 18. Ra2 Qc8 19. Bxf6 Qxf5 20. Ba1 Rac8 21. Nd4 Qd7 22. Bxe4 dxe4 23. Rd2 Bc4 24. Bb2 Qh3 25. Kh1 Rc5 26. Rg1 Rh5 27. Rg2 e3 28. fxe3 Rxe3 29. Nf3 Qe6 30. Bd4 Rxa3 31. Bg1 Rd5 32. e3 Rad3 33. Rge2 Qe4 34. Kg2 Rf5 35. Rf2 Rxe3 36. Rd8 Bd5 0-1

[Event "ISL-ch"]
[Site "Hafnarfjordur"]
[Date "2023.05.16"]
[Round "2"]
[White "Ptacnikova, Lenka"]
[Black "Hjartarson, Johann"]
[Result "1/2-1/2"]
[WhiteElo "2099"]
[BlackElo "2466"]
[PlyCount "103"]
[EventDate "2023.05.15"]
[EventType "tourn"]
[EventRounds "11"]
[EventCountry "ISL"]
[EventCategory "6"]
[SourceTitle "CBM 214 Extra"]
[Source "ChessBase"]
[SourceDate "2023.07.31"]
[SourceVersion "1"]
[SourceVersionDate "2023.07.31"]
[SourceQuality "1"]

1. c4 Nf6 2. g3 g6 3. Bg2 Bg7 4. Nc3 0-0 5. d4 d6 6. Nf3 Nbd7 7. 0-0 e5 8. dxe5 dxe5 9. Bg5 h6 10. Bd2 c6 11. Ne1 Re8 12. Nc2 Qe7 13. Rb1 a5 14. b3 Nc5 15. Ne3 Nfd7 16. a3 Ne6 17. b4 axb4 18. axb4 Nd4 19. c5 Nf6 20. Nc4 Bf5 21. Rb2 Red8 22. Nd6 Be6 23. b5 Ra3 24. bxc6 bxc6 25. Rb7 Qf8 26. Nce4 Nxe4 27. Bxe4 f5 28. e3 fxe4 29. exd4 exd4 30. Nxe4 Bd5 31. f3 Rda8 32. Bf4 Bxe4 33. fxe4 Qxc5 34. Qg4 d3+ 35. Kh1 R3a7 36. Rxa7 Qxa7 37. Qxg6 Rf8 38. Qxc6 Qd4 39. Qd5+ Qxd5 40. exd5 Rf5 41. d6 Rd5 42. Kg2 h5 43. Kf3 d2 44. Rd1 Bc3 45. Ke2 Bb4 46. Bxd2 Bxd6 47. Bf4 Rxd1 48. Kxd1 Be7 49. Ke2 Kf7 50. Kf3 Kg6 51. Ke4 Bf6 52. h3 1/2-1/2

[Event "Reykjavik op"]
[Site "Reykjavik"]
[Date "2023.04.04"]
[Round "9"]
[White "Ptacnikova, Lenka"]
[Black "Doluhanova, Evgeniya"]
[Result "1-0"]
[WhiteElo "2040"]
[BlackElo "2311"]
[PlyCount "113"]
[EventDate "2023.03.29"]
[EventType "swiss"]
[EventRounds "9"]
[EventCountry "ISL"]
[SourceTitle "EXT 2024"]
[Source "ChessBase"]
[SourceDate "2023.10.10"]
[SourceVersion "1"]
[SourceVersionDate "2023.10.10"]
[SourceQuality "1"]

1. c4 Nf6 2. g3 g6 3. Bg2 Bg7 4. Nc3 0-0 5. Nf3 c6 6. d4 d5 7. cxd5 Nxd5 8. 0-0 Nb6 9. Bf4 N8d7 10. Qc1 Re8 11. Rd1 Nf8 12. Bh6 Bh8 13. Ne5 Be6 14. e4 Rc8 15. h4 Nc4 16. d5 cxd5 17. exd5 Bf5 18. Nxc4 Rxc4 19. Qe3 Qb6 20. Qe2 Rb4 21. Rd2 Qa6 22. Qxa6 bxa6 23. Re1 Rxb2 24. Rxb2 Bxc3 25. Rbe2 Bxe1 26. Rxe1 e5 27. Re3 Bc8 28. Rc3 Bd7 29. Rc7 Bb5 30. Rxa7 Nd7 31. d6 Nf6 32. Bg5 Kg7 33. Bxf6+ Kxf6 34. Bd5 Rf8 35. f3 g5 36. hxg5+ Kxg5 37. Rxf7 Rd8 38. Re7 Rxd6 39. Rxe5+ Kf6 40. f4 Bd3 41. g4 h6 42. Kf2 Bc2 43. Kg3 Bg6 44. Kh4 a5 45. Bb3 a4 46. Rd5 Ra6 47. Bc4 Rb6 48. Ra5 Rb4 49. Ra6+ Kg7 50. Rc6 Be8 51. Rc7+ Kf6 52. Kg3 Bg6 53. Rc6+ Kg7 54. Rc7+ Kf8 55. f5 Be8 56. f6 Bd7 57. a3 1-0

[Event "Reykjavik op"]
[Site "Reykjavik"]
[Date "2023.03.31"]
[Round "4"]
[White "Griffith, Kyron"]
[Black "Ptacnikova, Lenka"]
[Result "1-0"]
[WhiteElo "2342"]
[BlackElo "2040"]
[PlyCount "63"]
[EventDate "2023.03.29"]
[EventType "swiss"]
[EventRounds "9"]
[EventCountry "ISL"]
[SourceTitle "CBM 213 Extra"]
[Source "ChessBase"]
[SourceDate "2023.05.31"]
[SourceVersion "1"]
[SourceVersionDate "2023.05.31"]
[SourceQuality "1"]

1. e4 c5 2. Nf3 e6 3. d4 cxd4 4. Nxd4 Nc6 5. Nc3 Qc7 6. Be3 a6 7. g4 h6 8. h4 Bb4 9. Nxc6 Bxc3+ 10. bxc3 bxc6 11. Qd4 e5 12. Qa4 Nf6 13. Rd1 d6 14. f3 Bd7 15. Qa3 c5 16. Rh2 0-0 17. g5 Ne8 18. gxh6 g6 19. h5 Kh7 20. Bc4 gxh5 21. Rxh5 Be6 22. Be2 Rg8 23. Rg5 Rxg5 24. Bxg5 f6 25. Be3 Qb7 26. Qa4 Qb2 27. Kd2 Qb6 28. Bc4 d5 29. Bxd5 Rd8 30. c4 Nd6 31. Ke2 Bd7 32. Qb3 1-0

[Event "Reykjavik op"]
[Site "Reykjavik"]
[Date "2023.03.30"]
[Round "2"]
[White "Dauth, Benjamin"]
[Black "Ptacnikova, Lenka"]
[Result "1/2-1/2"]
[WhiteElo "2261"]
[BlackElo "2040"]
[PlyCount "105"]
[EventDate "2023.03.29"]
[EventType "swiss"]
[EventRounds "9"]
[EventCountry "ISL"]
[SourceTitle "CBM 213 Extra"]
[Source "ChessBase"]
[SourceDate "2023.05.31"]
[SourceVersion "1"]
[SourceVersionDate "2023.05.31"]
[SourceQuality "1"]

1. e4 c5 2. Nf3 e6 3. d4 cxd4 4. Nxd4 Nc6 5. Nxc6 bxc6 6. Be2 Nf6 7. Nd2 d5 8. exd5 cxd5 9. 0-0 Bd6 10. Re1 0-0 11. Nf1 Qb6 12. Bf3 Ba6 13. Rb1 Rac8 14. Be3 Qc7 15. c3 Bxf1 16. Kxf1 Qc4+ 17. Re2 Ng4 18. Bxg4 Qxg4 19. h3 Qc4 20. a3 a5 21. Qd2 Qa2 22. Rd1 Rb8 23. Bd4 e5 24. Bxe5 Bxe5 25. Rxe5 Rxb2 26. Qd4 Qxa3 27. Rxd5 h6 28. c4 Rbb8 29. Kg1 Qb4 30. Rd3 a4 31. Rg3 g6 32. Rd6 Qb1+ 33. Kh2 Rb3 34. Ra6 Qc2 35. Qd5 Rxg3 36. fxg3 Rc8 37. Ra7 Qxc4 38. Qd7 Rb8 39. Rxa4 Qb5 40. Qa7 Rb7 41. Qd4 h5 42. Qf4 Rb8 43. Ra7 Rf8 44. Re7 Qb2 45. Re5 Kg7 46. h4 Ra8 47. Qe4 Rd8 48. Re7 Qf6 49. Re5 Rc8 50. Qe2 Rc2 51. Qe4 Rc1 52. Re8 Qa1 53. Qe5+ 1/2-1/2

[Event "Kragero op"]
[Site "Kragero"]
[Date "2023.02.25"]
[Round "7"]
[White "Savicevs, Arsenijs"]
[Black "Ptacnikova, Lenka"]
[Result "1-0"]
[WhiteElo "1970"]
[BlackElo "2113"]
[PlyCount "89"]
[EventDate "2023.02.22"]
[EventType "swiss"]
[EventRounds "9"]
[EventCountry "NOR"]
[SourceTitle "CBM 212 Extra"]
[Source "ChessBase"]
[SourceDate "2023.03.31"]
[SourceVersion "1"]
[SourceVersionDate "2023.03.31"]
[SourceQuality "1"]

1. e4 c5 2. Nf3 e6 3. d4 cxd4 4. Nxd4 Nc6 5. Nc3 Qc7 6. Be3 a6 7. Bd3 Nf6 8. 0-0 Be7 9. Kh1 0-0 10. f4 d6 11. Qf3 Rb8 12. Rae1 Nd7 13. Qh3 Nc5 14. Nxc6 Qxc6 15. Bxc5 e5 16. Nd5 Bd8 17. f5 dxc5 18. c4 Re8 19. Qe3 Qd6 20. Rf3 b5 21. g4 Bb7 22. g5 Bxd5 23. cxd5 c4 24. Bf1 Qb6 25. Qd2 Qa5 26. Qc1 Rb6 27. Re2 Rd6 28. Rg3 Qb6 29. Bg2 Qd4 30. Rd2 Qc5 31. Qc2 Bb6 32. Bf1 Ba5 33. Rd1 Rc8 34. Qg2 c3 35. bxc3 Bxc3 36. f6 g6 37. Qh3 h5 38. Be2 Bb4 39. a3 Ba5 40. Bxh5 gxh5 41. g6 Rxf6 42. gxf7+ Kxf7 43. Qd7+ Qe7 44. Rg7+ Kxg7 45. Qxe7+ 1-0

[Event "Reykjavik Skakping op"]
[Site "Reykjavik"]
[Date "2023.02.01"]
[Round "8"]
[White "Ptacnikova, Lenka"]
[Black "Briem, Stephan"]
[Result "1/2-1/2"]
[WhiteElo "2104"]
[BlackElo "2128"]
[PlyCount "60"]
[EventDate "2023.01.08"]
[EventType "swiss"]
[EventRounds "9"]
[EventCountry "ISL"]
[SourceTitle "EXT 2024"]
[Source "ChessBase"]
[SourceDate "2023.10.10"]
[SourceVersion "1"]
[SourceVersionDate "2023.10.10"]
[SourceQuality "1"]

1. d4 d5 2. Nc3 c5 3. e4 dxe4 4. Bb5+ Bd7 5. dxc5 e6 6. Be3 Nf6 7. a3 Qc8 8. Qd4 a6 9. Bxd7+ Nbxd7 10. b4 Qc6 11. Nge2 Rd8 12. Qc4 Nb6 13. Qb3 Nbd5 14. Bd4 Be7 15. 0-0 0-0 16. Rad1 Rd7 17. Nxd5 Nxd5 18. Qg3 f6 19. Bb2 e5 20. Qb3 Rfd8 21. Ng3 Kf8 22. Nxe4 Nf4 23. Rde1 Rd2 24. Qf3 Rxc2 25. Bxe5 Nd3 26. Bd6 Bxd6 27. Rd1 Ne5 28. Qf5 Be7 29. Nxf6 Qxf6 30. Qxc2 g6 1/2-1/2

[Event "Titled Tuesday intern op 27th Dec Late"]
[Site "Chess.com INT"]
[Date "2022.12.27"]
[Round "6"]
[White "Kopacz, Grzegorz"]
[Black "Ptacnikova, Lenka"]
[Result "0-1"]
[WhiteElo "2083"]
[BlackElo "2104"]
[PlyCount "66"]
[EventDate "2022.12.27"]
[EventType "swiss (blitz)"]
[EventRounds "11"]
[EventCountry "USA"]
[SourceTitle "EXT 2024"]
[Source "ChessBase"]
[SourceDate "2023.10.10"]
[SourceVersion "1"]
[SourceVersionDate "2023.10.10"]
[SourceQuality "1"]

1. d4 Nf6 2. Bg5 e6 3. e4 h6 4. Bxf6 Qxf6 5. c3 Nc6 6. Bd3 d6 7. Nd2 e5 8. d5 Nb8 9. Ngf3 Qf4 10. g3 Qf6 11. h3 h5 12. Qe2 g5 13. 0-0-0 a5 14. Ne1 Nd7 15. f4 Nc5 16. Bc2 exf4 17. gxf4 Qxf4 18. Rf1 Qe5 19. Nef3 Qe7 20. e5 Bxh3 21. Rfe1 0-0-0 22. Qb5 b6 23. Nc4 Bg4 24. exd6 Qd7 25. Nxb6+ cxb6 26. Qxb6 Qxd6 27. Qxa5 Bxf3 28. Bf5+ Kb7 29. Rd4 Na6 30. b4 Qb6 31. Qa3 Rxd5 32. Rxd5 Bxd5 33. Re8 Bg7 0-1

[Event "EU-Cup (Women) 26th"]
[Site "Mayrhofen"]
[Date "2022.10.06"]
[Round "4.1"]
[White "Ptacnikova, Lenka"]
[Black "Peglau, Charis"]
[Result "1-0"]
[WhiteElo "2055"]
[BlackElo "1960"]
[PlyCount "125"]
[EventDate "2022.10.03"]
[EventType "team-swiss"]
[EventRounds "7"]
[EventCountry "AUT"]
[SourceTitle "CBM 210 Extra"]
[Source "ChessBase"]
[SourceDate "2022.11.30"]
[SourceVersion "1"]
[SourceVersionDate "2022.11.30"]
[SourceQuality "1"]
[WhiteTeam "Gardabaer (W)"]
[BlackTeam "Seeblick (W)"]
[WhiteTeamCountry "ISL"]
[BlackTeamCountry "AUT"]

1. c4 e6 2. Nf3 Nf6 3. e3 d5 4. b3 Be7 5. Bb2 0-0 6. Be2 c5 7. cxd5 Nxd5 8. 0-0 Nc6 9. a3 b6 10. Qc2 Bb7 11. Rd1 Rc8 12. d3 Bf6 13. Nbd2 Bxb2 14. Qxb2 Qf6 15. Qxf6 Nxf6 16. Nc4 Rfd8 17. h3 Nd5 18. Rdc1 f6 19. g4 g5 20. Kh2 Kg7 21. Kg3 h6 22. h4 Rc7 23. Rc2 Rcd7 24. Rac1 Nde7 25. hxg5 hxg5 26. Bf1 Ng6 27. Nb2 Nce5 28. Nxe5 Nxe5 29. b4 Ba6 30. d4 Bxf1 31. dxe5 Bd3 32. Nxd3 Rxd3 33. bxc5 fxe5 34. cxb6 axb6 35. Rc7+ R8d7 36. Rxd7+ Rxd7 37. Rc6 Kf6 38. Rxb6 Ra7 39. Rb3 Ra4 40. f3 Ra5 41. e4 Ke7 42. Rd3 Ra6 43. Kf2 Rb6 44. Ke2 Rb2+ 45. Kd1 Rf2 46. Kc1 Rf1+ 47. Kb2 Rf2+ 48. Kb3 Rf1 49. a4 Rb1+ 50. Kc4 Ra1 51. Kb4 Rb1+ 52. Rb3 Ra1 53. Kb5 Kd6 54. a5 Kc7 55. a6 Ra2 56. Rc3+ Kd7 57. Rc4 Ra1 58. Ra4 Rb1+ 59. Rb4 Ra1 60. Kb6 Kc8 61. a7 Ra3 62. Rc4+ Kd7 63. Rc5 1-0

[Event "Reykjavik Autumn"]
[Site "Reykjavik"]
[Date "2022.09.18"]
[Round "6"]
[White "Heidarsson, Arnar Milutin"]
[Black "Ptacnikova, Lenka"]
[Result "1-0"]
[WhiteElo "2020"]
[BlackElo "2051"]
[PlyCount "51"]
[EventDate "2022.09.07"]
[EventType "tourn"]
[EventRounds "9"]
[EventCountry "ISL"]
[SourceTitle "EXT 2023"]
[Source "ChessBase"]
[SourceDate "2022.10.05"]
[SourceVersion "1"]
[SourceVersionDate "2022.10.05"]
[SourceQuality "1"]

1. e4 e5 2. Nf3 Nf6 3. Nxe5 d6 4. Nf3 Nxe4 5. d4 d5 6. Bd3 Be7 7. 0-0 0-0 8. c4 Nf6 9. Nc3 dxc4 10. Bxc4 Nbd7 11. Bf4 Nb6 12. Bb3 Nbd5 13. Bg3 Nxc3 14. bxc3 Ne4 15. Ne5 Nf6 16. Re1 c6 17. Bh4 Qc7 18. Bxf6 gxf6 19. Nxf7 Rxf7 20. Qh5 Bf8 21. Re8 Kg7 22. Rae1 Bd6 23. Rd8 Rf8 24. Ree8 b6 25. Bc2 f5 26. Qg5+ 1-0

[Event "Olympiad Women-44"]
[Site "Chennai"]
[Date "2022.08.05"]
[Round "7.1"]
[White "Antonova, Nadezhda"]
[Black "Ptacnikova, Lenka"]
[Result "1-0"]
[WhiteElo "1832"]
[BlackElo "2066"]
[PlyCount "105"]
[EventDate "2022.07.29"]
[EventType "team-swiss"]
[EventRounds "11"]
[EventCountry "IND"]
[SourceTitle "CBM 210"]
[Source "ChessBase"]
[SourceDate "2022.10.31"]
[SourceVersion "1"]
[SourceVersionDate "2022.10.31"]
[SourceQuality "1"]
[WhiteTeam "Tajikistan (W)"]
[BlackTeam "Iceland (W)"]
[WhiteTeamCountry "TJK"]
[BlackTeamCountry "ISL"]

1. d4 Nf6 2. c4 e6 3. g3 d5 4. Nf3 c6 5. Bg2 Nbd7 6. Qc2 Be7 7. 0-0 0-0 8. Bf4 Ne4 9. Nfd2 g5 10. Be3 f5 11. Nxe4 dxe4 12. Nc3 Nb6 13. b3 Bd7 14. Rad1 Rc8 15. a4 a5 16. Bc1 Qc7 17. f3 exf3 18. exf3 Bf6 19. f4 g4 20. Kh1 h5 21. Qf2 Rcd8 22. Be3 Nc8 23. Rc1 Rf7 24. Ne2 h4 25. gxh4 Rh7 26. Ng3 Bxh4 27. d5 c5 28. Kg1 b6 29. Bd2 Ne7 30. Bc3 exd5 31. cxd5 Ng6 32. Rce1 Bc8 33. Be5 Qf7 34. Rd1 Bb7 35. Qd2 Rd7 36. Qd3 Bxg3 37. hxg3 Ne7 38. d6 Nc8 39. Bxb7 Rxb7 40. Kg2 Rd7 41. Rh1 Ne7 42. Rxh7 Kxh7 43. Qb5 Nd5 44. Kf2 Nb4 45. Rd2 Kg6 46. Qc4 Qe8 47. Re2 Rh7 48. Ke1 Rh1+ 49. Kd2 Kh5 50. Bc3 Qd7 51. Qe6 Qxe6 52. Rxe6 Rh2+ 53. Kd1 1-0

[Event "Olympiad Women-44"]
[Site "Chennai"]
[Date "2022.08.03"]
[Round "6.1"]
[White "Ptacnikova, Lenka"]
[Black "Sukandar, Irine Kharisma"]
[Result "0-1"]
[WhiteElo "2066"]
[BlackElo "2373"]
[PlyCount "38"]
[EventDate "2022.07.29"]
[EventType "team-swiss"]
[EventRounds "11"]
[EventCountry "IND"]
[SourceTitle "CBM 210"]
[Source "ChessBase"]
[SourceDate "2022.10.31"]
[SourceVersion "1"]
[SourceVersionDate "2022.10.31"]
[SourceQuality "1"]
[WhiteTeam "Iceland (W)"]
[BlackTeam "Indonesia (W)"]
[WhiteTeamCountry "ISL"]
[BlackTeamCountry "INA"]

1. Nf3 Nf6 2. c4 e6 3. b3 d5 4. Bb2 Be7 5. e3 0-0 6. d4 b6 7. Bd3 Bb7 8. 0-0 Nbd7 9. Nc3 Ne4 10. Rc1 f5 11. Ne2 Bd6 12. Ne5 c5 13. Nxd7 Qxd7 14. dxc5 bxc5 15. Bxe4 fxe4 16. cxd5 exd5 17. Ba3 Rac8 18. Nc3 Kh8 19. Nxd5 Bxd5 0-1